00317nam a2200121Ia 4500008004100000041000800041082001500049100001400064245004500078260004100123300002400164365000700188240624s9999 xx 000 0 und d aeng a650.13 LLO aLLOYD KEN aHOW TO DEAL WITH PEOPLE PROBLEMS AND PRO c2001aMumbaibJaico Publishing House a255 : p. : cm. ; 24 cRS